| 000 | 00505cam a2200205 4500 | ||
|---|---|---|---|
| 001 | B959 | ||
| 008 | 090401t1987 xxu||||| |||| 00| 0 eng d | ||
| 035 | _a(Sirsi) u38830 | ||
| 041 | _aeng | ||
| 050 | _a333.337 | ||
| 110 |
_aDebenham Tewson and Chinnocks _93135 |
||
| 245 | _aOffice rent and rates 1987 | ||
| 260 |
_aLondon _bDebenham Tewson and Chinnocks _c1987 |
||
| 300 | _a21p. ; 30cm. | ||
| 350 | _a10 | ||
| 650 | _aOFFICES | ||
| 650 | _aRATES AND RATING | ||
| 942 | _n0 | ||
| 948 | _c04/03/1997 | ||
| 999 |
_c90718 _d90718 |
||